<?xml version="1.0" encoding="UTF-8"?>
<marc:record xmlns:marc="http://www.loc.gov/MARC21/slim">
   <marc:leader>00000nam a2200000 a 4500</marc:leader>
   <marc:datafield ind1="0" ind2="0" tag="245">
      <marc:subfield code="a">Weltkomödie Österreich</marc:subfield>
   </marc:datafield>
   <marc:datafield ind1="0" ind2="0" tag="245">
      <marc:subfield code="b">13 Jahre Burgtheater</marc:subfield>
   </marc:datafield>
   <marc:datafield ind1=" " ind2="1" tag="264">
      <marc:subfield code="a">Wien</marc:subfield>
      <marc:subfield code="b">ORF</marc:subfield>
      <marc:subfield code="c">2002</marc:subfield>
   </marc:datafield>
   <marc:datafield ind1=" " ind2=" " tag="250">
      <marc:subfield code="a">CD 664</marc:subfield>
   </marc:datafield>
   <marc:datafield ind1="1" ind2=" " tag="520">
      <marc:subfield code="a">"Wir, Claus Peymann und Hermann Beil, lesen nun seit drei Jahren "Weltkomödie Österreich", wir rezitieren und spielen aus dem gleichnamigen Buch, das auf 1.348 Seiten dreizehn Jahre Burgtheater auf eine ungemein theatralische Weise darstellt. Claus Peymann, seit über 30 Jahren Regisseur und Theaterdirektor, und ich, seit über 30 Jahren Dramaturg, zeigen mit diesem Theaterabend, wie sehr das Burgtheater der Jahre 1986 - 1999 immer wieder alle Welt erregte und immer wieder das "spielte", was Thomas Bernhard einmal so trefflich als "Weltkomödie Österreich" definierte. Die Texte dieser vergnüglichen wie erschreckenden Komödie haben aber alle geschrieben: die Dichter, die Theaterleute, die Zuschauer, die Politiker und Kritiker, die Theaterliebhaber und Theaterverächter - insofern ist es nicht nur ein erhellendes Dokument, sondern auch eine Liebeserklärung an das Theater. Nach vielen Gastspielen im In- und Ausland fand am 10. November 2002 ein erneuter Auftritt in Wien statt, vermutlich nicht der letzte, denn naturgemäß hat die "Weltkomödie Österreich" kein Ende."&#xD;
&#xD;
(Hermann Beil)</marc:subfield>
   </marc:datafield>
   <marc:datafield ind1=" " ind2=" " tag="020">
      <marc:subfield code="a">9783901846281</marc:subfield>
      <marc:subfield code="9">9783901846281</marc:subfield>
   </marc:datafield>
   <marc:datafield ind1=" " ind2=" " tag="338">
      <marc:subfield code="a">Audiodisk</marc:subfield>
   </marc:datafield>
   <marc:datafield ind1=" " ind2=" " tag="300">
      <marc:subfield code="a">73:26</marc:subfield>
   </marc:datafield>
</marc:record>
